000 01149nam0a22003131 4500
001 RU\INFOCOMM_322\NLR\5000253971
005 20250613112817.0
035 _a(NLR Aleph) 009620660
090 _a9430471
_c9430471
100 _a20130321d1975 |||y0rusy50 ca
101 0 _aeng
102 _aRU
105 _ay z |||||
200 1 _aˆThe ‰USSR
_eA short history
_fVladimir Poletayev, Valentina Mironova, Leonora Rutes
210 _aM.
_c"Novosti" press agency publ. house
_d1975
215 _a177 с., 31 л. ил.
_cил., портр.
_d16 см
300 _aНа обл. авт. не указаны
300 _aНа обороте тит. л.: В. Полетаев, В. Миронова, Л. Рутес. СССР. Краткий исторический курс
607 _aСССР
_xИстория
_z1917-
_2nlr_sh1
620 _aМосква
686 _aТ3(г)7,029
_2rubbk
700 1 _aPoletaev
_bV. E.
_gVladimir Evgen'evič
701 1 _aMironova
_bV.
_gValentina
701 1 _aRutes
_bL.
_gLeonora
801 1 _aRU
_bInfocomm
_c20130321
801 0 _aRU
_bINFOCOMM
_gPSBO
852 _aNLR
_jИр51 Д-1/96
942 _cBOOK
980 _aNB